قانون المحاماه رقم 17 لسنة 1983- المعدل بالقانون 98 لسنة 1992 : (رقم التسجيلة. 3585)
[ عرض عادي ]
| 000 -LEADER | |
|---|---|
| fixed length control field | 00658nam a22001697a 4500 |
| 005 - DATE AND TIME OF LATEST TRANSACTION | |
| control field | 20251108164110.0 |
| 008 - FIXED-LENGTH DATA ELEMENTS--GENERAL INFORMATION | |
| fixed length control field | 250721s1996 xx 000 0 ara d |
| 082 14 - DEWEY DECIMAL CLASSIFICATION NUMBER | |
| Classification number | 340.069/محم |
| 100 1# - MAIN ENTRY--PERSONAL NAME | |
| Personal name | أبو سعد، محمد شتا |
| 245 10 - TITLE STATEMENT | |
| Title | قانون المحاماه رقم 17 لسنة 1983- المعدل بالقانون 98 لسنة 1992 : |
| Remainder of title | نصوص معلق عليها بأحكام القضاء و أهم آراء الفقهاء / |
| 264 1# - PRODUCTION, PUBLICATION, DISTRIBUTION, MANUFACTURE, AND COPYRIGHT NOTICE | |
| Place of production, publication, distribution, manufacture | الإسكندريه : |
| Name of producer, publisher, distributor, manufacturer | دار المطبوعات الجامعيه، |
| Date of production, publication, distribution, manufacture, or copyright notice | 1996. |
| 300 ## - PHYSICAL DESCRIPTION | |
| Extent | 240ص |
| 650 17 - SUBJECT ADDED ENTRY--TOPICAL TERM | |
| Topical term or geographic name as entry element | مهنة المحاماه |
| 650 17 - SUBJECT ADDED ENTRY--TOPICAL TERM | |
| Topical term or geographic name as entry element | القانون |
| 942 ## - ADDED ENTRY ELEMENTS (KOHA) | |
| Source of classification or shelving scheme | Dewey Decimal Classification |
| Koha item type | كتب |
| حالة السحب | حالة الفقدان | مصدر التصنيف | حالة التلف | غير قابل للإعارة | المكتبة الرئيسية | المكتبة الحالية | موقع الرف | تاريخ التزويد | الرقم المتسلسل | Total Checkouts | رقم الإستدعاء | الباركود | تاريخ آخر ظهور | تاريخ الفاتورة | نوع المادة (كوها) |
|---|---|---|---|---|---|---|---|---|---|---|---|---|---|---|---|
| Dewey Decimal Classification | مكتبة وادي السير العامة | مكتبة وادي السير العامة | الإعارة | 14/04/2016 | [6031].... | 340.069/محم | PLD00386490 | 28/07/2025 | 14/04/2016 | كتب |